[Event "Konjic op 12th"]
[Site "Konjic"]
[Date "2023.03.01"]
[Round "1"]
[White "Mihasi, Erald"]
[Black "Buljubasic, Sabahudin"]
[Result "0-1"]
[WhiteElo "1909"]
[BlackElo "2276"]
[PlyCount "101"]
[EventDate "2023.03.01"]
[EventType "swiss"]
[EventRounds "7"]
[EventCountry "BIH"]
[SourceTitle "CBM 213 Extra"]
[Source "ChessBase"]
[SourceDate "2023.05.31"]
[SourceVersion "1"]
[SourceVersionDate "2023.05.31"]
[SourceQuality "1"]

1. d4 Nf6 2. Bf4 c5 3. e3 cxd4 4. exd4 Qb6 5. Nc3 g6 6. Nf3 Bg7 7. Rb1 Nc6 8. Bc4 Qb4 9. Bb3 d6 10. h3 0-0 11. 0-0 Bf5 12. Re1 Rfe8 13. Ng5 Rf8 14. Nf3 Rae8 15. Qd2 a6 16. Re2 Qa5 17. Rbe1 Qd8 18. a3 b5 19. Nd5 Bc8 20. Nxf6+ Bxf6 21. Bh6 Bg7 22. Bxg7 Kxg7 23. Qg5 Bb7 24. Qf4 Na5 25. Ba2 e6 26. Nh2 h5 27. Nf3 Nc4 28. Bxc4 bxc4 29. Re3 Qb6 30. b4 cxb3 31. Rxb3 Qc7 32. g4 hxg4 33. hxg4 Bd5 34. Rbe3 Rh8 35. c4 Qxc4 36. g5 Qc6 37. Qf6+ Kg8 38. Nh2 Qc2 39. Qf4 Qf5 40. Qg3 Rh5 41. f4 Kg7 42. Ng4 Rb8 43. Nh6 Rh1+ 44. Kf2 Rb2+ 45. R3e2 Qe4 46. Ng4 Rxe2+ 47. Rxe2 Qxd4+ 48. Qe3 Qa1 49. Kg3 Qg1+ 50. Qxg1 Rxg1+ 51. Kh4 0-1

[Event "BIH-chT 20th"]
[Site "Neum"]
[Date "2022.09.13"]
[Round "4.1"]
[White "Buljubasic, Sabahudin"]
[Black "Mesic, Ismet"]
[Result "0-1"]
[WhiteElo "2365"]
[BlackElo "2280"]
[PlyCount "66"]
[EventDate "2022.09.10"]
[EventType "team-tourn"]
[EventRounds "9"]
[EventCountry "BIH"]
[SourceTitle "CBM 210 Extra"]
[Source "ChessBase"]
[SourceDate "2022.11.30"]
[SourceVersion "1"]
[SourceVersionDate "2022.11.30"]
[SourceQuality "1"]
[WhiteTeam "Busovaca Hrasno"]
[BlackTeam "Bihac"]
[WhiteTeamCountry "BIH"]
[BlackTeamCountry "BIH"]

1. e4 c6 2. d4 d5 3. f3 dxe4 4. fxe4 e5 5. Nf3 Bg4 6. Bc4 Nd7 7. 0-0 Ngf6 8. c3 Bd6 9. Nbd2 0-0 10. Qe1 b5 11. Bd3 Qb6 12. Kh1 Rae8 13. Qh4 a5 14. a4 Bh5 15. axb5 cxb5 16. Qe1 Bg6 17. Qe2 exd4 18. Nxd4 Bb8 19. Bxb5 Nxe4 20. Nxe4 Rxe4 21. Qf2 Nf6 22. Be2 Qd6 23. g3 Ng4 24. Qg2 Ne3 25. Bxe3 Rxe3 26. Bf3 Rfe8 27. Rxa5 Bd3 28. Raa1 Bxf1 29. Qxf1 g6 30. Kg2 h5 31. Ra6 Qe5 32. Nc6 Qf5 33. Qf2 h4 0-1

[Event "BIH-chT 20th"]
[Site "Neum"]
[Date "2022.09.12"]
[Round "3.3"]
[White "Burovic, Ismet"]
[Black "Buljubasic, Sabahudin"]
[Result "1/2-1/2"]
[WhiteElo "2331"]
[BlackElo "2365"]
[PlyCount "86"]
[EventDate "2022.09.10"]
[EventType "team-tourn"]
[EventRounds "9"]
[EventCountry "BIH"]
[SourceTitle "CBM 210 Extra"]
[Source "ChessBase"]
[SourceDate "2022.11.30"]
[SourceVersion "1"]
[SourceVersionDate "2022.11.30"]
[SourceQuality "1"]
[WhiteTeam "Sarajevo Napredak"]
[BlackTeam "Busovaca Hrasno"]
[WhiteTeamCountry "BIH"]
[BlackTeamCountry "BIH"]

1. e4 c5 2. d3 e6 3. g3 d5 4. Nd2 Nc6 5. Bg2 Nf6 6. Ngf3 Be7 7. 0-0 0-0 8. Re1 b5 9. exd5 exd5 10. a4 b4 11. d4 c4 12. Ne5 Bb7 13. Nxc6 Bxc6 14. Nxc4 Rc8 15. Ne5 Bb7 16. Bh3 Rc7 17. Bf4 Bc8 18. Bxc8 Qxc8 19. Nd3 Rb7 20. Rxe7 Rxe7 21. Bd6 Re4 22. Bxf8 Kxf8 23. Ne5 Qa6 24. Qd3 Qxd3 25. Nxd3 Rxd4 26. b3 Re4 27. a5 Ke7 28. Kf1 Kd6 29. Ra4 Ng4 30. h3 Ne5 31. Nxe5 Kxe5 32. a6 Kf6 33. Ra5 Re6 34. Rxd5 Rxa6 35. Ke2 Ke6 36. Rd4 Rc6 37. Kd3 Rc3+ 38. Kd2 a5 39. Re4+ Kd6 40. Rf4 f6 41. Rf5 Rc5 42. Rxc5 Kxc5 43. Ke3 Kd5 1/2-1/2

[Event "BIH-chT 20th"]
[Site "Neum"]
[Date "2022.09.11"]
[Round "2.2"]
[White "Buljubasic, Sabahudin"]
[Black "Jelcic, Marko"]
[Result "1/2-1/2"]
[WhiteElo "2365"]
[BlackElo "2179"]
[PlyCount "60"]
[EventDate "2022.09.10"]
[EventType "team-tourn"]
[EventRounds "9"]
[EventCountry "BIH"]
[SourceTitle "CBM 210 Extra"]
[Source "ChessBase"]
[SourceDate "2022.11.30"]
[SourceVersion "1"]
[SourceVersionDate "2022.11.30"]
[SourceQuality "1"]
[WhiteTeam "Busovaca Hrasno"]
[BlackTeam "Siroki Brijeg"]
[WhiteTeamCountry "BIH"]
[BlackTeamCountry "BIH"]

1. e4 c5 2. Nf3 Nc6 3. d4 cxd4 4. Nxd4 g6 5. Nc3 Bg7 6. Be3 Nf6 7. Bc4 0-0 8. Bb3 a5 9. 0-0 Ng4 10. Qxg4 Nxd4 11. Qh4 b5 12. Rfd1 Nxb3 13. axb3 Bb7 14. Nxb5 Bxb2 15. Ra2 Bf6 16. Qg4 d6 17. c4 Bc6 18. Qe2 Qb8 19. f3 Qb7 20. Rb1 Rfb8 21. Nd4 Bd7 22. Qd3 Bg7 23. h3 h5 24. Kh1 Qc8 25. Kh2 Qc7 26. Kh1 Qc8 27. Kh2 Qc7 28. Kg1 Qb7 29. Kh1 Qc8 30. Kg1 Qb7 1/2-1/2

[Event "BIH-chT 29th"]
[Site "Bihac"]
[Date "2022.08.28"]
[Round "9.1"]
[White "Buljubasic, Sabahudin"]
[Black "Redzepi, Mehmedalija"]
[Result "1-0"]
[WhiteElo "2335"]
[BlackElo "1859"]
[PlyCount "61"]
[EventDate "2022.08.23"]
[EventType "tourn"]
[EventRounds "9"]
[EventCountry "BIH"]
[SourceTitle "CBM 210 Extra"]
[Source "ChessBase"]
[SourceDate "2022.11.30"]
[SourceVersion "1"]
[SourceVersionDate "2022.11.30"]
[SourceQuality "1"]

1. e4 e6 2. d4 d5 3. Nc3 Bb4 4. e5 Ne7 5. Bd2 c5 6. Nb5 0-0 7. c3 Ba5 8. dxc5 Nbc6 9. f4 f6 10. exf6 Rxf6 11. Nf3 Ng6 12. Qc2 Nxf4 13. g3 Ng6 14. Bg5 a6 15. Nd6 Bc7 16. Nxc8 Rxc8 17. 0-0-0 Qf8 18. Bxf6 Qxf6 19. Bg2 Qe7 20. Rhe1 Nf8 21. Rxd5 exd5 22. Rxe7 Nxe7 23. Qb3 Rb8 24. Nd4 Nd7 25. Bxd5+ Kh8 26. Ne6 Be5 27. Bxb7 Bf6 28. Qc4 Rxb7 29. c6 Ra7 30. cxd7 Rxd7 31. Qxa6 1-0

[Event "BIH-chT 19th"]
[Site "Neum"]
[Date "2021.09.17"]
[Round "1.3"]
[White "Buljubasic, Sabahudin"]
[Black "Kosic, Dragan"]
[Result "0-1"]
[WhiteElo "2311"]
[BlackElo "2436"]
[PlyCount "53"]
[EventDate "2021.09.17"]
[EventType "team-tourn"]
[EventRounds "9"]
[EventCountry "BIH"]
[SourceTitle "EXT 2023"]
[Source "ChessBase"]
[SourceDate "2022.10.05"]
[SourceVersion "1"]
[SourceVersionDate "2022.10.05"]
[SourceQuality "1"]
[WhiteTeam "Tuzla Sloboda"]
[BlackTeam "Sarajevo Napredak"]
[WhiteTeamCountry "BIH"]
[BlackTeamCountry "BIH"]

1. e4 e6 2. d4 d5 3. Nc3 Nf6 4. Bg5 dxe4 5. Nxe4 Be7 6. Bxf6 gxf6 7. Nf3 f5 8. Ng3 Qd6 9. Qd2 h5 10. h4 Nc6 11. 0-0-0 Bd7 12. Ng5 f6 13. Nf3 0-0-0 14. Bc4 Bf8 15. Kb1 Nb4 16. Rhe1 Kb8 17. Bb3 Nd5 18. c4 Bh6 19. Qc2 Nf4 20. c5 Qa6 21. d5 exd5 22. Nxf5 Nd3 23. N3d4 Nxe1 24. Rxe1 Rhe8 25. Rxe8 Rxe8 26. a3 Re1+ 27. Ka2 0-1

[Event "BIH-chT1A 28th"]
[Site "Mostar"]
[Date "2021.08.11"]
[Round "9.4"]
[White "Buljubasic, Sabahudin"]
[Black "Musovic, Armin"]
[Result "1/2-1/2"]
[WhiteElo "2278"]
[BlackElo "2282"]
[PlyCount "69"]
[EventDate "2021.08.06"]
[EventType "team-tourn"]
[EventRounds "9"]
[EventCountry "BIH"]
[SourceTitle "CBM 203 Extra"]
[Source "ChessBase"]
[SourceDate "2021.09.30"]
[SourceVersion "1"]
[SourceVersionDate "2021.09.30"]
[SourceQuality "1"]
[WhiteTeam "Zivinice"]
[BlackTeam "Konjic Igman"]
[WhiteTeamCountry "BIH"]
[BlackTeamCountry "BIH"]

1. e4 c5 2. Nf3 Nf6 3. e5 Nd5 4. Nc3 e6 5. Nxd5 exd5 6. d4 Nc6 7. dxc5 Bxc5 8. Bd3 d6 9. exd6 Bg4 10. 0-0 0-0 11. Be3 Bxd6 12. h3 Bh5 13. c3 Re8 14. Be2 Bc7 15. Qd2 Qd6 16. g3 Qd7 17. Kh2 Ne5 18. Qd1 Ng6 19. c4 Ne7 20. Nd4 Bxe2 21. Qxe2 dxc4 22. Qxc4 Ng6 23. Qb5 Qe7 24. Rfe1 a6 25. Qb3 Qf6 26. Qxb7 Be5 27. Rad1 Rab8 28. Qg2 Nh4 29. Qc6 Bxd4 30. Qxf6 Bxf6 31. gxh4 Rxb2 32. Bd4 Rbb8 33. Bxf6 gxf6 34. Rxe8+ Rxe8 35. Rd2 1/2-1/2

[Event "BIH-chT1A 28th"]
[Site "Mostar"]
[Date "2021.08.10"]
[Round "8.1"]
[White "Stankovic, Dragan"]
[Black "Buljubasic, Sabahudin"]
[Result "0-1"]
[WhiteElo "2205"]
[BlackElo "2278"]
[PlyCount "80"]
[EventDate "2021.08.06"]
[EventType "team-tourn"]
[EventRounds "9"]
[EventCountry "BIH"]
[SourceTitle "CBM 203 Extra"]
[Source "ChessBase"]
[SourceDate "2021.09.30"]
[SourceVersion "1"]
[SourceVersionDate "2021.09.30"]
[SourceQuality "1"]
[WhiteTeam "Zenica Celik"]
[BlackTeam "Zivinice"]
[WhiteTeamCountry "BIH"]
[BlackTeamCountry "BIH"]

1. e4 c5 2. Nf3 e6 3. d4 cxd4 4. Nxd4 a6 5. Nc3 Qc7 6. Be2 Nf6 7. 0-0 Be7 8. Be3 d6 9. f4 0-0 10. Bf3 Nc6 11. Nxc6 bxc6 12. g4 Re8 13. Qd2 Bf8 14. Ne2 Bb7 15. Ng3 d5 16. exd5 Nxd5 17. c4 Bb4 18. Qc1 Nxe3 19. Qxe3 Rad8 20. Rad1 Bd6 21. Bg2 Bxf4 22. Qf3 Be5 23. b3 Ba8 24. c5 Bd4+ 25. Rxd4 Rxd4 26. Ne4 Rf8 27. g5 Qe5 28. Qf4 Qxf4 29. Rxf4 Rfd8 30. Kf2 h6 31. h4 a5 32. Ke3 Rd3+ 33. Ke2 Bb7 34. Nd6 Ba6 35. Ke1 hxg5 36. hxg5 Rg3 37. Bxc6 Rxg5 38. Ne4 Rg1+ 39. Kf2 Rf1+ 40. Ke3 Rd3+ 0-1

[Event "BIH-chT1A 28th"]
[Site "Mostar"]
[Date "2021.08.08"]
[Round "5.2"]
[White "Buljubasic, Sabahudin"]
[Black "Osmanbegovic, Avdo"]
[Result "1-0"]
[WhiteElo "2278"]
[BlackElo "1985"]
[PlyCount "83"]
[EventDate "2021.08.06"]
[EventType "team-tourn"]
[EventRounds "9"]
[EventCountry "BIH"]
[SourceTitle "CBM 203 Extra"]
[Source "ChessBase"]
[SourceDate "2021.09.30"]
[SourceVersion "1"]
[SourceVersionDate "2021.09.30"]
[SourceQuality "1"]
[WhiteTeam "Zivinice"]
[BlackTeam "Tesanj"]
[WhiteTeamCountry "BIH"]
[BlackTeamCountry "BIH"]

1. e4 e6 2. d4 d5 3. Nc3 Bb4 4. e5 c5 5. Bd2 Ne7 6. Nb5 Bxd2+ 7. Qxd2 0-0 8. dxc5 Qd7 9. f4 b6 10. cxb6 axb6 11. Nf3 Ba6 12. Nbd4 Bxf1 13. Rxf1 Na6 14. Kf2 Nc5 15. Kg1 Ne4 16. Qe3 h6 17. c4 Nf5 18. Nxf5 exf5 19. Rfd1 Qc6 20. cxd5 Qc2 21. Nd4 Qxb2 22. Nxf5 Nc3 23. Ne7+ Kh8 24. Re1 Ra4 25. Qf3 Re4 26. h3 Re2 27. d6 Rd2 28. Kh1 Rf2 29. Qg4 Ne2 30. Nd5 Ra8 31. d7 Rd8 32. Rab1 Qxa2 33. Nxb6 Nxf4 34. Ra1 Qb2 35. Rab1 Qd2 36. Rbd1 Qb4 37. Rb1 Qd2 38. Rf1 Nd3 39. Qg3 Qe2 40. Kg1 Qc2 41. Kh2 Nxe5 42. Qxf2 1-0

[Event "Lukavac op 8th"]
[Site "Lukavac"]
[Date "2019.11.23"]
[Round "2"]
[White "Buljubasic, Sabahudin"]
[Black "Barisic, Predrag"]
[Result "1-0"]
[WhiteElo "2342"]
[BlackElo "2045"]
[PlyCount "45"]
[EventDate "2019.11.22"]
[EventType "swiss"]
[EventRounds "7"]
[EventCountry "BIH"]
[SourceTitle "CBM 193 Extra"]
[Source "ChessBase"]
[SourceDate "2020.01.31"]
[SourceVersion "1"]
[SourceVersionDate "2020.01.31"]
[SourceQuality "1"]

1. e4 e5 2. Nf3 Nf6 3. d4 exd4 4. e5 Ne4 5. Qxd4 Nc5 6. Bc4 Be7 7. Qg4 Kf8 8. Qh5 Ne6 9. Nc3 c6 10. 0-0 b5 11. Bb3 Na6 12. a3 Nac5 13. Ba2 a5 14. Be3 Ba6 15. Bxc5 Bxc5 16. Ne4 Be7 17. Rfd1 Qe8 18. Nd4 Nxd4 19. Rxd4 Ra7 20. Rad1 Bc8 21. Nd6 Bxd6 22. exd6 f6 23. Qf3 1-0

[Event "BIH-chT 18th"]
[Site "Tuzla"]
[Date "2019.06.12"]
[Round "5.4"]
[White "Buljubasic, Sabahudin"]
[Black "Jelcic, Marko"]
[Result "1/2-1/2"]
[WhiteElo "2374"]
[BlackElo "2120"]
[PlyCount "102"]
[EventDate "2019.06.08"]
[EventType "team-tourn"]
[EventRounds "9"]
[EventCountry "BIH"]
[SourceTitle "CBM 190 Extra"]
[Source "ChessBase"]
[SourceDate "2019.07.15"]
[SourceVersion "1"]
[SourceVersionDate "2019.07.15"]
[SourceQuality "1"]
[WhiteTeam "Tuzla Sloboda"]
[BlackTeam "Siroki Brijeg"]
[WhiteTeamCountry "BIH"]
[BlackTeamCountry "BIH"]

1. e4 c5 2. Nf3 g6 3. c3 Bg7 4. d4 cxd4 5. cxd4 d5 6. exd5 Nf6 7. Nc3 Nxd5 8. Bc4 Nb6 9. Bb3 Nc6 10. 0-0 0-0 11. d5 Na5 12. Bg5 Bg4 13. Re1 Re8 14. h3 Nxb3 15. axb3 Bxf3 16. Qxf3 Bxc3 17. bxc3 Qxd5 18. Qxd5 Nxd5 19. c4 f6 20. cxd5 fxg5 21. Re5 Kf7 22. Rxg5 Red8 23. Ra4 Rd7 24. h4 a6 25. Rf4+ Kg7 26. h5 Rad8 27. Re5 Rf8 28. Rfe4 Rf7 29. g4 Kf8 30. Kg2 Rf6 31. Kg3 Rfd6 32. Rd4 Kg7 33. hxg6 hxg6 34. f4 a5 35. g5 b5 36. Kg4 a4 37. bxa4 bxa4 38. Rxa4 Rxd5 39. Rxd5 Rxd5 40. Re4 Kf7 41. Re1 Rd3 42. Rh1 Kg7 43. Rh2 Ra3 44. Re2 Kf7 45. Re4 Rb3 46. Ra4 Rc3 47. Ra8 Rb3 48. Rh8 Kg7 49. Rh1 Ra3 50. Rf1 Kf7 51. Rf3 Ra4 1/2-1/2

[Event "BIH-chT 18th"]
[Site "Tuzla"]
[Date "2019.06.11"]
[Round "4.2"]
[White "Jelecevic, Ivo"]
[Black "Buljubasic, Sabahudin"]
[Result "0-1"]
[WhiteElo "2121"]
[BlackElo "2374"]
[PlyCount "62"]
[EventDate "2019.06.08"]
[EventType "team-tourn"]
[EventRounds "9"]
[EventCountry "BIH"]
[SourceTitle "CBM 190 Extra"]
[Source "ChessBase"]
[SourceDate "2019.07.15"]
[SourceVersion "1"]
[SourceVersionDate "2019.07.15"]
[SourceQuality "1"]
[WhiteTeam "Samac"]
[BlackTeam "Tuzla Sloboda"]
[WhiteTeamCountry "BIH"]
[BlackTeamCountry "BIH"]

1. e4 c5 2. Nf3 e6 3. d4 cxd4 4. Nxd4 a6 5. Bd3 Qc7 6. Qe2 d6 7. 0-0 Nf6 8. c4 Be7 9. b3 0-0 10. Bb2 Nbd7 11. Nc3 Ne5 12. Bc2 Bd7 13. Rae1 Rac8 14. Bb1 Qa5 15. f4 Qb6 16. Kh1 Ng6 17. e5 Ne8 18. exd6 Bf6 19. c5 Rxc5 20. Ne4 Rd5 21. Nxf6+ Nxf6 22. f5 exf5 23. Nxf5 Bxf5 24. Rxf5 Rxd6 25. Ref1 Re8 26. Qc2 Qd8 27. R5f2 h6 28. Bc3 Ree6 29. Qb2 Rd1 30. Bxg6 fxg6 31. Bxf6 Qd3 0-1

[Event "BIH-chT 18th"]
[Site "Tuzla"]
[Date "2019.06.10"]
[Round "3.5"]
[White "Buljubasic, Sabahudin"]
[Black "Savanovic, Aleksandar"]
[Result "1-0"]
[WhiteElo "2374"]
[BlackElo "2416"]
[PlyCount "113"]
[EventDate "2019.06.08"]
[EventType "team-tourn"]
[EventRounds "9"]
[EventCountry "BIH"]
[SourceTitle "CBM 190 Extra"]
[Source "ChessBase"]
[SourceDate "2019.07.15"]
[SourceVersion "1"]
[SourceVersionDate "2019.07.15"]
[SourceQuality "1"]
[WhiteTeam "Tuzla Sloboda"]
[BlackTeam "Sarajevo Bosna"]
[WhiteTeamCountry "BIH"]
[BlackTeamCountry "BIH"]

1. e4 e5 2. Nf3 Nc6 3. Bc4 Bc5 4. b4 Bxb4 5. c3 Ba5 6. d4 exd4 7. Qb3 Qf6 8. 0-0 dxc3 9. Bg5 Qg6 10. Nxc3 Bxc3 11. Qxc3 Nh6 12. Bd5 0-0 13. Bf4 d6 14. Rab1 Ng4 15. Bxc6 bxc6 16. Qxc6 Be6 17. a3 Nf6 18. Rfe1 d5 19. e5 Nd7 20. Nd4 Nb6 21. Rb3 Bd7 22. Qc5 Qg4 23. Rf3 Rac8 24. h3 Qh4 25. Bg3 Qd8 26. Bf4 Na4 27. Qxd5 c5 28. e6 Bxe6 29. Qxd8 Rcxd8 30. Nxe6 fxe6 31. Rxe6 Rd7 32. Rc6 Rdf7 33. Bd6 Rxf3 34. gxf3 Rd8 35. Kg2 Rd7 36. f4 c4 37. Rxc4 Rxd6 38. Rxa4 a6 39. Rb4 Rd3 40. Ra4 Rd6 41. Kf3 Kf7 42. h4 Rh6 43. Kg4 Rg6+ 44. Kf5 Rh6 45. Kg4 Rc6 46. h5 h6 47. Ra5 Rb6 48. Rc5 g6 49. Rc7+ Kf6 50. hxg6 Kxg6 51. f5+ Kf6 52. Rh7 Ke5 53. f4+ Ke4 54. Re7+ Kd5 55. Re5+ Kd4 56. Re6 Rb1 57. f6 1-0

[Event "Sarajevo Bosna op 49th"]
[Site "Sarajevo"]
[Date "2019.05.02"]
[Round "8"]
[White "Buljubasic, Sabahudin"]
[Black "Savanovic, Aleksandar"]
[Result "1-0"]
[WhiteElo "2347"]
[BlackElo "2422"]
[PlyCount "131"]
[EventDate "2019.04.27"]
[EventType "swiss"]
[EventRounds "9"]
[EventCountry "BIH"]
[SourceTitle "CBM 190 Extra"]
[Source "ChessBase"]
[SourceDate "2019.07.15"]
[SourceVersion "1"]
[SourceVersionDate "2019.07.15"]
[SourceQuality "1"]

1. e4 e5 2. Nf3 Nc6 3. Bc4 Bc5 4. d3 Nf6 5. 0-0 d6 6. c3 0-0 7. h3 a6 8. Bb3 Ba7 9. Nbd2 h6 10. Re1 Nh5 11. Nf1 Qf6 12. Be3 Nf4 13. Ng3 g6 14. d4 h5 15. Rc1 Na5 16. Bc2 Nc4 17. b3 Nxe3 18. fxe3 Ne6 19. Rf1 Qh8 20. Qe1 Qh6 21. Kh2 Ng5 22. Nh4 f6 23. Qe2 Be6 24. Rf2 Rae8 25. Rcf1 Nh7 26. Bd3 c6 27. d5 Bd7 28. dxc6 bxc6 29. Re1 a5 30. Bc4+ Kh8 31. Rd1 Bb8 32. b4 axb4 33. cxb4 Bc8 34. b5 d5 35. Bb3 d4 36. bxc6 dxe3 37. Nhf5 gxf5 38. Nxf5 Qg5 39. Rf3 h4 40. Nxe3 f5 41. Bd5 fxe4 42. Rxf8+ Rxf8 43. Kh1 Nf6 44. Rf1 Kg7 45. Qb2 Ba7 46. Qa3 Bxe3 47. Qe7+ Kg6 48. Qxf8 Bf4 49. Bf7+ Kh7 50. Qxc8 e3 51. c7 e2 52. Re1 Kg7 53. g4 hxg3 54. Kg2 e4 55. Qb7 Qc5 56. Rxe2 Bxc7 57. Qb3 Bb6 58. Qxg3+ Kxf7 59. Qb3+ Ke7 60. Qb1 Qd4 61. a3 Bc5 62. Qb7+ Ke6 63. Qc8+ Kf7 64. Qc7+ Kg6 65. Qg3+ Kf5 66. Re1 1-0

[Event "Sarajevo Bosna op 49th"]
[Site "Sarajevo"]
[Date "2019.05.01"]
[Round "7"]
[White "Djukic, Nikola"]
[Black "Buljubasic, Sabahudin"]
[Result "1/2-1/2"]
[WhiteElo "2566"]
[BlackElo "2347"]
[PlyCount "96"]
[EventDate "2019.04.27"]
[EventType "swiss"]
[EventRounds "9"]
[EventCountry "BIH"]
[SourceTitle "CBM 190 Extra"]
[Source "ChessBase"]
[SourceDate "2019.07.15"]
[SourceVersion "1"]
[SourceVersionDate "2019.07.15"]
[SourceQuality "1"]

1. g3 Nf6 2. Bg2 d5 3. c4 c6 4. Qc2 g6 5. b3 Bg7 6. Bb2 0-0 7. Nf3 a5 8. a3 Na6 9. d3 Re8 10. Nbd2 Bg4 11. Ne5 Bf5 12. 0-0 Qd6 13. e4 dxe4 14. dxe4 Nxe4 15. Nxe4 Bxe5 16. Nxd6 Bxc2 17. Nxe8 Bxb2 18. Ra2 Bxb3 19. Rxb2 a4 20. Rc1 Rxe8 21. c5 Nc7 22. Bf1 Ne6 23. Rd2 Kf8 24. f4 Ra8 25. Rd7 Rb8 26. Bh3 f5 27. Rd3 Ra8 28. Kf2 Ra5 29. Rdc3 Kf7 30. Bf1 Kf6 31. Ke3 h6 32. Bd3 h5 33. Be2 Kg7 34. Kd2 Kf6 35. Bd3 Bd5 36. Ke3 Bb3 37. h3 Bd5 38. Bf1 Kf7 39. Be2 Kf6 40. g4 h4 41. gxf5 gxf5 42. Bh5 Ng7 43. Bf3 Bxf3 44. Kxf3 Ne6 45. Rc4 Kf7 46. Re1 Kf6 47. Rec1 Kf7 48. Re1 Kf6 1/2-1/2

[Event "Sarajevo Bosna op 49th"]
[Site "Sarajevo"]
[Date "2019.04.29"]
[Round "4"]
[White "Buljubasic, Sabahudin"]
[Black "Predojevic, Borki"]
[Result "0-1"]
[WhiteElo "2347"]
[BlackElo "2621"]
[PlyCount "64"]
[EventDate "2019.04.27"]
[EventType "swiss"]
[EventRounds "9"]
[EventCountry "BIH"]
[SourceTitle "CBM 190 Extra"]
[Source "ChessBase"]
[SourceDate "2019.07.15"]
[SourceVersion "1"]
[SourceVersionDate "2019.07.15"]
[SourceQuality "1"]

1. e4 c5 2. Nf3 d6 3. d4 cxd4 4. Nxd4 Nf6 5. Nc3 a6 6. h3 e5 7. Nde2 h5 8. Be3 Be6 9. f4 Nbd7 10. Qd2 Rc8 11. g3 b5 12. a3 Be7 13. Bg2 Nc5 14. Bf3 g6 15. 0-0-0 Qa5 16. Kb1 b4 17. axb4 Qxb4 18. Nd5 Qc4 19. Bxc5 Qxc5 20. Nec3 Bxd5 21. exd5 0-0 22. fxe5 dxe5 23. d6 Rfd8 24. Qg5 Rxd6 25. Rxd6 Qxd6 26. Rd1 Qe6 27. Qe3 Bc5 28. Qe2 Bd4 29. Na4 Rc4 30. b3 Rxa4 31. bxa4 Qb6+ 32. Kc1 Qb2+ 0-1

[Event "Sarajevo Bosna op 49th"]
[Site "Sarajevo"]
[Date "2019.04.27"]
[Round "1"]
[White "Colpa, Fahrudin"]
[Black "Buljubasic, Sabahudin"]
[Result "0-1"]
[WhiteElo "1848"]
[BlackElo "2347"]
[PlyCount "92"]
[EventDate "2019.04.27"]
[EventType "swiss"]
[EventRounds "9"]
[EventCountry "BIH"]
[SourceTitle "CBM 190 Extra"]
[Source "ChessBase"]
[SourceDate "2019.07.15"]
[SourceVersion "1"]
[SourceVersionDate "2019.07.15"]
[SourceQuality "1"]

1. e4 c5 2. Nc3 e6 3. Bc4 a6 4. a4 Nc6 5. Nf3 Nf6 6. d4 cxd4 7. Nxd4 Qc7 8. Be3 Ne5 9. Be2 Bb4 10. 0-0 Bxc3 11. bxc3 Nxe4 12. Bd3 Nxc3 13. Qh5 Nd5 14. Bd2 Nxd3 15. cxd3 0-0 16. Rac1 Qd6 17. Qh4 b6 18. Nf3 f6 19. Rc4 Bb7 20. Rd4 a5 21. Rg4 Rf7 22. Qh5 Qa3 23. Rd4 e5 24. Rh4 Qxd3 25. Ne1 Qxd2 26. Qxh7+ Kf8 27. Qb1 Nb4 28. Qb3 Qd5 29. Qh3 Ba6 30. Qe3 Bxf1 31. Kxf1 Qc6 32. h3 Rc8 33. Kg1 Kg8 34. Kh2 d5 35. Qg3 e4 36. Qg6 f5 37. Qh7+ Kf8 38. g3 d4 39. Ng2 Nd3 40. Rh5 g6 41. Qh6+ Ke7 42. Rg5 Rg8 43. Nh4 Qc2 44. Rxg6 Qxf2+ 45. Ng2 Rxg6 46. Qxg6 Ne1 0-1

[Event "BIH-chT 17th"]
[Site "Jahorina"]
[Date "2018.06.04"]
[Round "3.4"]
[White "Buljubasic, Sabahudin"]
[Black "Kurajica, Bojan"]
[Result "0-1"]
[WhiteElo "2277"]
[BlackElo "2512"]
[PlyCount "81"]
[EventDate "2018.06.02"]
[EventType "team-tourn"]
[EventRounds "9"]
[EventCountry "BIH"]
[SourceTitle "CBM 184 Extra"]
[Source "ChessBase"]
[SourceDate "2018.06.28"]
[SourceVersion "1"]
[SourceVersionDate "2018.06.28"]
[SourceQuality "1"]
[WhiteTeam "Tuzla Sloboda"]
[BlackTeam "Sarajevo Bosna"]
[WhiteTeamCountry "BIH"]
[BlackTeamCountry "BIH"]

1. e4 c5 2. Nf3 Nc6 3. d4 cxd4 4. Nxd4 Qc7 5. Nc3 e6 6. a3 a6 7. Be2 Nf6 8. 0-0 Nxd4 9. Qxd4 Bd6 10. Kh1 Be5 11. Qd3 b5 12. f4 Bxc3 13. bxc3 Bb7 14. e5 Ne4 15. c4 bxc4 16. Qxc4 Qb6 17. Bf3 Nf2+ 18. Rxf2 Qxf2 19. Be3 Qxe3 20. Bxb7 Rb8 21. Bxa6 0-0 22. a4 Qd2 23. g3 Rb2 24. Qd3 Rxc2 25. Qxd2 Rxd2 26. Rc1 Rb8 27. Bb5 Kf8 28. Kg1 Ke7 29. h4 f6 30. exf6+ gxf6 31. Kf1 h6 32. Rc3 f5 33. Ke1 Rg2 34. Kf1 Ra2 35. Rc7 Rd8 36. Kg1 Rd2 37. Kf1 Kf6 38. h5 Rg8 39. Rc3 d5 40. Be2 d4 41. Rb3 0-1

[Event "BIH-chT 17th"]
[Site "Jahorina"]
[Date "2018.06.03"]
[Round "2.3"]
[White "Savanovic, Aleksandar"]
[Black "Buljubasic, Sabahudin"]
[Result "1/2-1/2"]
[WhiteElo "2450"]
[BlackElo "2277"]
[PlyCount "188"]
[EventDate "2018.06.02"]
[EventType "team-tourn"]
[EventRounds "9"]
[EventCountry "BIH"]
[SourceTitle "CBM 184 Extra"]
[Source "ChessBase"]
[SourceDate "2018.06.28"]
[SourceVersion "1"]
[SourceVersionDate "2018.06.28"]
[SourceQuality "1"]
[WhiteTeam "Busovaca Hrasno"]
[BlackTeam "Tuzla Sloboda"]
[WhiteTeamCountry "BIH"]
[BlackTeamCountry "BIH"]

1. e4 c5 2. Nf3 e6 3. d4 cxd4 4. Nxd4 a6 5. Bd3 Nf6 6. 0-0 Qc7 7. Qe2 d6 8. c4 Be7 9. Nc3 0-0 10. f4 Nbd7 11. Kh1 Re8 12. Nf3 Nf8 13. e5 N6d7 14. Bd2 b6 15. Be4 Rb8 16. Rae1 Nc5 17. Bc2 Bb7 18. Ng5 Rbd8 19. b4 Ncd7 20. f5 Nxe5 21. fxe6 Bxg5 22. Bxg5 Rxe6 23. Bxd8 Qxd8 24. a3 Rh6 25. Be4 Qh4 26. h3 Qg3 27. Qe3 Qxe3 28. Rxe3 Nxc4 29. Ref3 Bxe4 30. Nxe4 Ne5 31. Rc3 d5 32. Ng5 Rd6 33. Nf3 Nc4 34. Rd1 b5 35. Rcd3 Nb6 36. Nd4 g6 37. Nb3 Nfd7 38. Nc5 Nf6 39. Rd4 Nc4 40. Re1 Kf8 41. Kg1 h5 42. g3 Ne4 43. Nxe4 dxe4 44. Rexe4 Rc6 45. Re2 Nd6 46. Rf4 Rc3 47. Kh2 Nf5 48. Ref2 Kg7 49. R4f3 Rc4 50. Kg2 Rd4 51. Rc2 Rd1 52. Rc7 Rd2+ 53. Kg1 Rd1+ 54. Kf2 Rd2+ 55. Ke1 Rd6 56. Rfc3 Re6+ 57. Kf2 Nd4 58. Rd3 Nf5 59. Kf3 Rf6 60. Kg2 Re6 61. Kf2 Rf6 62. Kg2 Re6 63. Rdc3 Ne3+ 64. Kf3 Nd5 65. R7c6 Nxc3 66. Rxc3 Kf6 67. Kf4 g5+ 68. Kf3 Kg6 69. Rc8 Rf6+ 70. Ke4 Re6+ 71. Kf3 Kf5 72. g4+ hxg4+ 73. hxg4+ Ke5 74. Rc5+ Kd4 75. Rxg5 Re3+ 76. Kf2 Rxa3 77. Rf5 Kc4 78. Rxf7 Kxb4 79. g5 Rh3 80. g6 Rh8 81. g7 Rg8 82. Ke2 Kb3 83. Kd1 Kb2 84. Rf2+ Kb1 85. Rg2 b4 86. Kd2 Kb2 87. Kd3+ Kb3 88. Kd2 Kb2 89. Kd3+ Ka3 90. Kc2 b3+ 91. Kb1 a5 92. Rg5 a4 93. Ka1 Rd8 94. Rg1 Rg8 1/2-1/2